000 00686nam a2200217Ia 4500
003 OSt
005 20250307101223.0
008 210716s2007 xx 000 0 und d
020 _a9788131207239
040 _cAIMIT LIBRARY
041 _aeng
082 _a658.4062
_21
_bDALK
100 _aDalkir, Kimiz.
_9204739
245 _aKnowledge management in theory and practice /
_cBy Kimiz Dalkir.
250 _a1st ed.
260 _aOxford ;
_bButterworth Heinemann :
_c2007.
300 _axv,356p. ;
_bPB
_c26 cm.
650 _aKnowledge sharing and communities of practice
_9204740
650 _aKnowledge capture and codification
_9204741
942 _2ddc
_cBK
_e1st ed.
_k658.4062 DALK
999 _c202116
_d202116